00485nam a2200169Ia 4500003000900000008004100009020001800050040001600068080001300084100001800097245010000115260003500215300001500250650001600265650001500281700001900296IN-BaIIA211028s9999 xx 000 0 eng d a0-673-98556-3 cIIA Library a519bELM aElmore, P. B. 0aBasic statisticscP. B. Elmore and P. L. Woehlke  aNew YorkbAddison-Wesleyc1996 axiv, 242p. aMathematics aStatistics aWoehlke, P. L.